| 000 | 00710cam a22002292 4500 | ||
|---|---|---|---|
| 001 | 74423 | ||
| 003 | BD-RjUL | ||
| 005 | 20211209082542.0 | ||
| 008 | 781011s1962 xx 000 0 eng u | ||
| 035 | _a(BD-RjUL)74641 | ||
| 040 |
_cIAZ _dOCL _dEQO _aBD-RjUL _beng |
||
| 041 | _aeng | ||
| 082 |
_223 _a657.42 _bWHE 1962 |
||
| 100 | 1 |
_aWheldon, Harold J. _q(Harold James) _9222766 |
|
| 245 | 1 | 0 |
_aWheldon's Costing simplified. / _cHarold J. Wheldon, |
| 250 | _a3d ed., completely rev. by L. W. J. Owler and J. L. Brown. | ||
| 260 |
_aLondon : _bMacdonald & Evans, _c1962 |
||
| 300 |
_aix, 244 p. : _bill. ; _c22 cm. |
||
| 650 | 0 |
_aCost accounting _9222767 |
|
| 700 | 1 |
_aOwler, L. W. J. _9222768 |
|
| 942 |
_2ddc _cBK |
||
| 999 |
_c74423 _d74423 |
||